| 000 | 00000nam##2200000za#4500 |
| 001 | 9.599089 |
| 003 | CaOODSP |
| 005 | 20210624204907 |
| 007 | cr ||||||||||| |
| 008 | 150406|1999||||xxc|||||o f|0| 0 fre|d |
| 040 | |aCaOODSP|bfre |
| 043 | |an-cn--- |
| 086 | 1 |aBT31-2/2000-III-8F-PDF |
| 110 | 1 |aCanada. |bConseil du trésor. |
| 245 | 10|aConseil de recherches en sciences humaines du Canada, budget des dépenses 1999-2000, un rapport sur les plans et les priorités |h[ressource électronique] |
| 260 | |aOttawa - Ontario : |bSecrétariat du Conseil du Trésor du Canada |c[1999]. |
| 300 | |a41p.|borganigramme, références, tableaux |
| 490 | 1 |aBudget des dépenses 1999-2000. Partie III, Rapport sur les plans et les priorités |v1999-2000 |
| 590 | |a10-13-Supp|b2010-11-23 |
| 775 | 08|tSocial Sciences and Humanities Research Council of Canada, 1999-2000 estimates, report on plans and priorities |w(CaOODSP)9.567768 |
| 776 | 0#|tSocial Sciences and Humanities Research Council of Canada |w(CaOODSP)9.531592 |
| 776 | 0#|tConseil de recherches en sciences humaines du Canada |w(CaOODSP)9.531593 |
| 830 | #0|aBudget des dépenses 1999-2000. Partie III, Rapport sur les plans et les priorités ;|v1999-2000|w(CaOODSP)9.502119 |
| 856 | 40|ahttp://publications.gc.ca|qPDF|s498 Ko|uhttps://publications.gc.ca/collections/Collection/BT31-2-2000-III-8F.pdf|y1999-2000 |